| 000 | 00786nam a22002177a 4500 | ||
|---|---|---|---|
| 008 | 090218t xxu||||| |||| 00| 0 eng d | ||
| 010 | _aENG-93000 | ||
| 020 | _c104.00 | ||
| 035 | _aEN-76533 | ||
| 037 | _bDBAD / PUB | ||
| 040 |
_adpl _bEnglish |
||
| 082 | _a541.37 | ||
| 100 | _aMahalingam, P. | ||
| 245 |
_aElectro chemistry / _cby P. Mahalingam |
||
| 260 |
_aChennai _bCharulatha Publications _c2007 |
||
| 270 |
_aNew No. 24, Thambiah Road, West Mambalam, _bChennai _e600033 |
||
| 300 |
_a104p. _c22cm (pbk) |
||
| 650 | _aElectrochemistry. | ||
| 942 |
_2ddc _cEN _mMAH _h541.37 |
||
| 999 |
_c24002 _d24002 |
||